Manželky /

Hlavní autor: Keleová-Vasilková, Táňa, 1964-
Další autoři: Smutná, Draha
Jazyk: Čeština
Vydáno: V Bratislavě : Noxi, 2014
Vydání: Vydání první
Témata:
Fyzický popis: 325 stran ; 21 cm
Knihy
Uloženo v:
LEADER 01224nam a2200349 i 4500
001 001786058
003 CZ BrMZK
005 20210812112300.0
007 ta
008 210301s2014 xr g 000 f cze
020 |a 978-80-8111-199-0  |q (vázáno) 
040 |a ABA001  |b cze  |d BOA001  |e rda 
041 1 |a cze  |h slo 
072 7 |a 821.162.4  |x Slovenská literatura  |2 Konspekt  |9 25 
080 |a 821.162.4-31  |2 MRF 
080 |a (0:82-31)-055.2  |2 MRF 
100 1 |a Keleová-Vasilková, Táňa,  |d 1964-  |7 jo20010083062  |4 aut 
240 1 0 |a Manželky.  |l Česky 
245 1 0 |a Manželky /  |c Táňa Keleová-Vasilková ; ze slovenského originálu Manželky ... přeložila Draha Smutná 
250 |a Vydání první 
264 1 |a V Bratislavě :  |b Noxi,  |c 2014 
300 |a 325 stran ;  |c 21 cm 
336 |a text  |b txt  |2 rdacontent 
337 |a bez média  |b n  |2 rdamedia 
338 |a svazek  |b nc  |2 rdacarrier 
655 7 |a slovenské romány  |7 fd133450  |2 czenas 
655 7 |a romány pro ženy  |7 fd187897  |2 czenas 
700 1 |a Smutná, Draha  |7 mzk2002160303  |4 trl 
910 |a BOA001  |b 2-1461.451 
990 |a BK 
991 |b 202108  |c NOV 
996 7 |b 2610859677  |c 2-1461.451  |l MZK  |r Sklad / do 1 hodiny  |n 3  |p dar  |w 001846612  |u 000010  |a 1  |e BOA001  |j MZK50  |s A